[Event "Moscow op-A 14th"]
[Site "Moscow"]
[Date "2018.01.31"]
[Round "5"]
[White "Karpov, Vadim"]
[Black "Fedotov, Alexey"]
[Result "0-1"]
[WhiteElo "2361"]
[BlackElo "2139"]
[PlyCount "96"]
[EventDate "2018.01.27"]
[EventType "swiss"]
[EventRounds "9"]
[EventCountry "RUS"]
[SourceTitle "CBM 182 Extra"]
[Source "ChessBase"]
[SourceDate "2018.02.23"]
[SourceVersion "1"]
[SourceVersionDate "2018.02.23"]
[SourceQuality "1"]

1. Nf3 d5 2. e3 Nf6 3. b3 Bf5 4. Bb2 e6 5. Be2 h6 6. c4 Nbd7 7. cxd5 exd5 8. d3 Be7 9. a3 0-0 10. Nbd2 Re8 11. 0-0 a5 12. Re1 Bf8 13. Qc2 Bh7 14. Rac1 c5 15. Qb1 b5 16. a4 bxa4 17. bxa4 c4 18. Qa1 cxd3 19. Bf1 Nc5 20. Bd4 Nfe4 21. Red1 Rc8 22. Rb1 Ne6 23. Bb6 Qd6 24. Bxa5 Qa6 25. Nb3 N4c5 26. Nxc5 Qxa5 27. Nb3 Qa8 28. Rxd3 Nc5 29. Nxc5 Rxc5 30. Rdd1 Bxb1 31. Rxb1 Be7 32. Rd1 Bf6 33. Nd4 Rec8 34. g3 Bxd4 35. Qxd4 Rc1 36. Qxd5 Qxd5 37. Rxd5 Ra1 38. Kg2 Rxa4 39. h4 g6 40. h5 g5 41. Bd3 Ra7 42. Be4 Kg7 43. Rf5 Re7 44. Bd5 f6 45. e4 Rc3 46. Kh3 Re5 47. Kg4 Rxf5 48. Kxf5 Rf3+ 0-1

[Event "Moscow op-A 14th"]
[Site "Moscow"]
[Date "2018.01.27"]
[Round "1"]
[White "Karpov, Vadim"]
[Black "Ter Saakian, Grigorii"]
[Result "1/2-1/2"]
[WhiteElo "2361"]
[BlackElo "2080"]
[PlyCount "90"]
[EventDate "2018.01.27"]
[EventType "swiss"]
[EventRounds "9"]
[EventCountry "RUS"]
[SourceTitle "CBM 182 Extra"]
[Source "ChessBase"]
[SourceDate "2018.02.23"]
[SourceVersion "1"]
[SourceVersionDate "2018.02.23"]
[SourceQuality "1"]

1. Nf3 Nf6 2. c4 c6 3. d4 d5 4. Nc3 a6 5. a4 e6 6. Bg5 Nbd7 7. e3 Bb4 8. Qc2 Qa5 9. Nd2 dxc4 10. Bxf6 Nxf6 11. Nxc4 Qc7 12. Be2 0-0 13. a5 c5 14. 0-0 cxd4 15. exd4 Bd7 16. Qb3 Bxc3 17. Qxc3 Nd5 18. Qd2 Nf4 19. Rfc1 Nxe2+ 20. Qxe2 Bb5 21. Qe3 Bxc4 22. b3 Rfd8 23. bxc4 Qd7 24. Rd1 Rac8 25. Qc3 Qc7 26. Ra4 Qc6 27. Qb3 Rd7 28. Rb4 Qc7 29. Ra4 Rcd8 30. Qe3 Qc6 31. Rb4 Qc5 32. Qb3 Rxd4 33. Rxd4 Qxd4 34. g3 Qd1+ 35. Qxd1 Rxd1+ 36. Kg2 Rd7 37. c5 Kf8 38. c6 bxc6 39. Rb6 Rc7 40. Rxa6 c5 41. Kf1 c4 42. Ke2 c3 43. Kd1 c2+ 44. Kc1 Ke7 45. Rb6 Ra7 1/2-1/2

[Event "Odintsovo"]
[Site "Odintsovo"]
[Date "2017.05.24"]
[Round "7"]
[White "Karpov, Vadim"]
[Black "Smirnov, Timofey"]
[Result "1/2-1/2"]
[WhiteElo "2361"]
[BlackElo "2296"]
[PlyCount "139"]
[EventDate "2017.05.15"]
[EventType "tourn"]
[EventRounds "9"]
[EventCountry "RUS"]
[SourceTitle "CBM 178 Extra"]
[Source "ChessBase"]
[SourceDate "2017.06.22"]
[SourceVersion "1"]
[SourceVersionDate "2017.06.22"]
[SourceQuality "1"]

1. c4 c6 2. e4 d5 3. exd5 cxd5 4. d4 Nc6 5. Nc3 Nf6 6. Bg5 dxc4 7. Bxc4 e6 8. Nf3 Be7 9. 0-0 0-0 10. a3 b6 11. Re1 Bb7 12. Qd3 Na5 13. Ba2 Nd5 14. Bb1 g6 15. Bh6 Re8 16. Bc2 Nxc3 17. bxc3 Qd5 18. Bd2 Qf5 19. Qxf5 gxf5 20. Ne5 Bd5 21. Reb1 Rac8 22. a4 Kg7 23. f3 Red8 24. Be1 Bd6 25. Bd1 f6 26. Nd3 e5 27. Nb4 Be6 28. g3 f4 29. Nd3 fxg3 30. hxg3 Bf5 31. Be2 exd4 32. cxd4 Re8 33. Bf1 Re3 34. Bxa5 Bxd3 35. Rb3 Rxf3 36. Rxd3 Rxd3 37. Bxd3 bxa5 38. Rb1 Bxg3 39. Kg2 Rc3 40. Rb7+ Rc7 41. Rxc7+ Bxc7 42. Kf3 h5 43. Bf5 Kh6 44. Ke4 Kg5 45. Bd7 Bb6 46. d5 Bc7 47. Be6 Be5 48. Bd7 Kh4 49. Kf3 Kg5 50. Ke4 Bd6 51. Bc8 Kg6 52. Be6 Bc7 53. Bh3 Kf7 54. Kf5 Bg3 55. Bf1 Ke7 56. Bh3 h4 57. Bg2 Kd6 58. Kxf6 Kc5 59. d6 Kb4 60. d7 Bc7 61. Bc6 h3 62. Ke7 h2 63. d8Q Bxd8+ 64. Kxd8 h1Q 65. Bxh1 Kxa4 66. Kc7 Kb4 67. Bd5 a4 68. Kb7 a5 69. Kb6 a3 70. Be6 1/2-1/2

[Event "Odintsovo"]
[Site "Odintsovo"]
[Date "2017.05.21"]
[Round "5"]
[White "Karpov, Vadim"]
[Black "Mesropov, Konstantin Eduard"]
[Result "1/2-1/2"]
[WhiteElo "2361"]
[BlackElo "2420"]
[PlyCount "67"]
[EventDate "2017.05.15"]
[EventType "tourn"]
[EventRounds "9"]
[EventCountry "RUS"]
[SourceTitle "CBM 178 Extra"]
[Source "ChessBase"]
[SourceDate "2017.06.22"]
[SourceVersion "1"]
[SourceVersionDate "2017.06.22"]
[SourceQuality "1"]

1. d4 d5 2. c4 dxc4 3. Nf3 Nf6 4. e3 Bg4 5. Bxc4 e6 6. h3 Bh5 7. Nc3 Nc6 8. Bb5 Bd6 9. e4 Nd7 10. Be3 e5 11. d5 Nd4 12. Bxd4 Bxf3 13. gxf3 exd4 14. Qxd4 0-0 15. Bxd7 Qxd7 16. 0-0-0 Qe7 17. Kb1 f5 18. Nb5 fxe4 19. Nxd6 cxd6 20. fxe4 Rf4 21. Rhe1 Re8 22. Rc1 Rxe4 23. Qxe4 Qxe4+ 24. Rxe4 Rxe4 25. Rc7 Rb4 26. Rd7 Kf8 27. Kc2 a5 28. Kc3 Rb5 29. Rxd6 Ke7 30. Re6+ Kd7 31. Re5 Kd6 32. Re6+ Kd7 33. Re5 Kd6 34. Re6+ 1/2-1/2